00657 a2200193 45000050016000000080041000160100014000570200023000710350013000940370015001070820010001221000019001322450045001512600049001963000028002459420043002739990015003169520132003312008090801071.0080908t xxu||||| |||| 00| 0 eng d aENG-87698 a0070656666c395.00 aEN-71231 bDBAD / PUB a332.6 aDalmia, Sanjay aFinancial supply chaincby Sanjay Dalmia aNew DelhibTata McGraw-Hill Publishingc2008 axviii, 221p.c23cm.(Hb) adplcENk332.6 / DAL2ddch332.6 mDAL c6828d6828 001040718NFICaDBADbDBADd2008-09-08g395.00l0o332.6 DALpEN-71231r2008-09-15 00:00:00t1u7330v395.00w2008-09-15yEN